[Event "4th SICC Masters"]
[Site "Singapore SIN"]
[Date "2007.12.20"]
[Round "8"]
[White "Andador,R"]
[Black "Chua Xing Jian,G"]
[Result "1-0"]
[WhiteElo "2199"]
[BlackElo "2065"]

1.e4 c5 2.c3 Nf6 3.e5 Nd5 4.Nf3 Nc6 5.Bc4 Nb6 6.Bb3 d6 7.exd6 Qxd6 8.Na3 Be6
9.O-O Bxb3 10.axb3 g6 11.d4 cxd4 12.Nb5 Qd7 13.Bf4 Nd5 14.Bg3 Rc8 15.Re1 e6
16.Nfxd4 Bc5 17.b4 Nxd4 18.Nxd4 Bb6 19.Qd2 O-O 20.Rad1 Rfe8 21.h4 Bd8 22.h5 Bf6
23.Nf3 Qe7 24.Re4 Rcd8 25.hxg6 Nxc3 26.gxf7+ Kxf7 27.bxc3 Rxd2 28.Rxd2 Rd8
29.Rde2 Rd3 30.Ne5+ Bxe5 31.Bxe5 Qg5 32.Re1 b6 33.Bd4 Qf5 34.R4e2 Qg4 35.Kf1 Qh5
36.Rxe6 Rd1 37.f3 Rxe1+ 38.Rxe1 Qb5+ 39.Kf2 a5 40.Re5 Qa6 41.b5 Qc8 42.g4 a4
43.Rf5+ Ke7 44.Rh5 Ke6 45.Rh6+ Kd5 46.Rc6 Qb8 47.Ke3  1-0

[Event "Harmonie Open A"]
[Site "Groningen NED"]
[Date "2007.12.21"]
[Round "1"]
[White "Brandenburg,D"]
[Black "Kuling,L"]
[Result "1-0"]
[WhiteElo "2483"]
[BlackElo "2200"]

1.e4 c5 2.c3 Nf6 3.e5 Nd5 4.Nf3 Nc6 5.Bc4 Nb6 6.Bb3 g6 7.d4 cxd4 8.Ng5 d5
9.exd6 e6 10.Qf3 Ne5 11.Qg3 Bxd6 12.Ne4 f6 13.cxd4 Nf7 14.Nxd6+ Qxd6 15.Bf4 Qxd4
16.O-O O-O 17.Nc3 Qb4 18.Rfe1 e5 19.Bh6 Rd8 20.Ne4 Qe7 21.Nxf6+ Qxf6 22.Bg5 Qd6
23.Rad1 Qxd1 24.Bxd1 Re8 25.f4 e4 26.Bb3 Be6 27.Rxe4 Bxb3 28.Rxe8+ Rxe8 29.Qxb3 Re4
30.Bf6 Rxf4 31.Qe6 Rxf6 32.Qxf6 Nc8 33.Kf2 Kf8 34.Ke2 Ne7 35.Qh4 h6 36.Qe4 Nd8
37.Qe3 Ndc6 38.Qxh6+ Kf7 39.Qf4+ Ke6 40.Qc7 b5 41.h4 a5 42.g4 b4 43.b3 Kd5
44.Qf4 Nd4+ 45.Kd3 Ne6 46.Qf6 Kd6 47.Kc4 Nc6 48.Kb5 Ne5 49.Kxa5 Nxg4 50.Qxg6 Ne5
51.Qg3 Nc5 52.Kxb4 Ne4 53.Qg2  1-0

[Event "Harmonie Open A"]
[Site "Groningen NED"]
[Date "2007.12.23"]
[Round "3"]
[White "Jellema,Y"]
[Black "Kuipers,S"]
[Result "1/2-1/2"]
[WhiteElo "2119"]
[BlackElo "2283"]

1.e4 c5 2.c3 Nf6 3.e5 Nd5 4.d4 cxd4 5.cxd4 e6 6.Nc3 Nxc3 7.bxc3 Qc7 8.Bd2 b6
9.Bd3 Bb7 10.Qg4 g6 11.Ne2 d6 12.f4 Nc6 13.O-O d5 14.Rae1  1/2-1/2

[Event "Harmonie Open A"]
[Site "Groningen NED"]
[Date "2007.12.28"]
[Round "7"]
[White "Brandenburg,D"]
[Black "Burg,T"]
[Result "0-1"]
[WhiteElo "2483"]
[BlackElo "2275"]

1.e4 c5 2.c3 Nf6 3.e5 Nd5 4.Nf3 e6 5.Bc4 d6 6.d4 cxd4 7.cxd4 Nb6 8.Bd3 dxe5
9.dxe5 Na6 10.Qe2 Nc5 11.Bc2 Be7 12.O-O Nd5 13.Rd1 Bd7 14.Rd4 Rc8 15.Rg4 g6
16.Bh6 Qb6 17.b3 Na4 18.Bd3 Nac3 19.Nxc3 Nxc3 20.Qd2 Nd5 21.Bg7 Rg8 22.Qh6 Bb5
23.Qxh7 Rxg7 24.Bxb5+ Kf8 25.Qh8+ Rg8 26.Qh6+ Rg7 27.Bd3 Bc5 28.Qh4 Nb4 29.Be4 Nxa2
30.Qh8+ Rg8 31.Qh6+ Ke8 32.Rxa2 Qxb3 33.Ra1 Bxf2+ 34.Kxf2 Qb2+ 35.Qd2 Qxa1
36.Bxb7 Rc1 37.Rd4 Kf8 38.Qh6+ Ke8 39.Qd2 Kf8 40.Qg5 Rf1+ 41.Ke2 Re1+ 42.Nxe1 Qxd4
43.Nd3 Rh8 44.h3 Rh5 45.Qc1 Kg7 46.Qc7 Rh8 47.Nc5 Qc4+ 48.Kf2 Rh5 49.Bf3 Qd4+
50.Kf1 Rxe5 51.Ne4 a5 52.Qc2 a4 53.Nd2 a3 54.Nb3 Qb4 55.Be2 Re3 56.Nd2 Rc3
57.Qa2 Qb2 58.Qxb2 axb2 59.Kf2 e5 60.Nb1 Rc2 61.Ke3 f5 62.Bd3 Rxg2 63.Kf3 Rg1
64.Kf2 Rc1 65.Nd2 Rc3 66.Ke2 e4 67.Bb1 Rxh3 68.Nc4 Rc3 69.Nd2 e3  0-1

[Event "Premier"]
[Site "Hastings ENG"]
[Date "2007.12.28"]
[Round "1"]
[White "Poobalasingam,P"]
[Black "Jain,A2"]
[Result "1-0"]
[WhiteElo "2158"]
[BlackElo "2000"]

1.e4 c5 2.c3 Nf6 3.e5 Nd5 4.g3 Qc7 5.f4 g5 6.d3 b6 7.Nf3 gxf4 8.c4 Ne3 9.Bxe3 fxe3
10.Nc3 Bb7 11.Qe2 Bg7 12.Bg2 Bh6 13.O-O e6 14.Nb5 Qc6 15.Nd6+  1-0

[Event "Premier"]
[Site "Hastings ENG"]
[Date "2007.12.28"]
[Round "1"]
[White "Pickersgill,A"]
[Black "Young,M"]
[Result "0-1"]
[WhiteElo "2088"]
[BlackElo "1954"]

1.e4 c5 2.c3 Nf6 3.e5 Nd5 4.d4 cxd4 5.Qxd4 e6 6.Nf3 Nc6 7.Qe4 f5 8.Qe2 Qc7
9.g3 d6 10.Bf4 Nxf4 11.gxf4 Ne7 12.Na3 Ng6 13.Nb5 Qb6 14.Qe3 Qc6 15.exd6 Bxd6
16.Nxd6+ Qxd6 17.Bb5+ Ke7 18.Rg1 a6 19.Bc4 Qxf4 20.Qxf4 Nxf4 21.Rxg7+ Kf6
22.Rc7 b5 23.Bf1 Nd5 24.Rc5 Bb7 25.O-O-O Rac8 26.Rxc8 Rxc8 27.Nd4 b4 28.c4 Nb6
29.b3 Nd5 30.Kb2 Nc3 31.Rd3 Be4 32.Rd2 Rd8 33.Nf3 Rxd2+ 34.Nxd2 Nd1+ 35.Kc1 Nxf2
36.c5 Nd3+ 37.Bxd3 Bxd3 38.c6 Ke7 39.Nf3 Kd6 40.Ng5 Kxc6 41.Nxe6 Kd6 42.Nf4 Be4
43.Kb2 Ke5 44.Nh3 Kd4 45.a3 a5 46.axb4 axb4  0-1

[Event "Premier"]
[Site "Hastings ENG"]
[Date "2007.12.29"]
[Round "2"]
[White "Quinn,Jos"]
[Black "Coates,D"]
[Result "1/2-1/2"]
[WhiteElo "1758"]
[BlackElo "2029"]

1.e4 c5 2.c3 Nf6 3.e5 Nd5 4.d4 cxd4 5.Nf3 e6 6.cxd4 d6 7.Bc4 Nc6 8.O-O Be7
9.Re1 O-O 10.Bb3 Qc7 11.Bxd5 exd5 12.Nc3 Be6 13.Bf4 a6 14.Qb3 Rfd8 15.Nxd5 Bxd5
16.Qxd5 dxe5 17.Bxe5 Qb6 18.Qc4 Rac8 19.Qe2 Bb4 20.Red1 Re8 21.Qd3 h6 22.Rac1 Rcd8
23.Qb3 Ba5  1/2-1/2

[Event "Premier"]
[Site "Hastings ENG"]
[Date "2007.12.29"]
[Round "2"]
[White "Cumming,R"]
[Black "Kwiatkowski,F"]
[Result "0-1"]
[WhiteElo "1845"]
[BlackElo "2237"]

1.e4 c5 2.c3 Nf6 3.e5 Nd5 4.d4 cxd4 5.Nf3 Nc6 6.cxd4 d6 7.Bc4 Nb6 8.Bb3 dxe5
9.d5 Na5 10.Nc3 f6 11.Nxe5 fxe5 12.Qh5+ g6 13.Qxe5 Nxb3 14.axb3 Rg8 15.Nb5 Bg7
16.Nc7+ Kf8 17.Qf4+ Bf6 18.Nxa8 Nxa8 19.Rxa7 Nc7 20.O-O Nxd5 21.Qf3 Qd6 22.Rd1 Be6
23.Rxb7 Qa6 24.Rd7 Bxd7 25.Qxd5 Be6 26.Qf3 Qb5 27.g4 Qxb3 28.Rd3 Qc4 29.Bf4 Bxg4  0-1

[Event "XVIII Cracovia"]
[Site "Krakow POL"]
[Date "2007.12.29"]
[Round "3"]
[White "Piorun,K"]
[Black "Kveinys,A"]
[Result "1/2-1/2"]
[WhiteElo "2353"]
[BlackElo "2517"]

1.e4 c5 2.c3 Nf6 3.e5 Nd5 4.d4 cxd4 5.Nf3 e6 6.cxd4 d6 7.Bc4 Nb6 8.Bb3 dxe5
9.Nxe5 Nc6 10.Nf3 Be7 11.Nc3 O-O 12.O-O Bf6 13.Be3 Ne7 14.Qe2 Nbd5 15.Rad1 b6
16.Bc1 Bb7 17.Ne5 Bxe5 18.dxe5 Nxc3 19.bxc3 Qc7 20.Ba3 Rfc8 21.c4 Ng6 22.Bd6 Qc6
23.f3 Ba6 24.Rd4 b5 25.c5 b4 26.Qe4 Bxf1 27.Qxc6 Rxc6 28.Kxf1 Rac8 29.Rxb4 Rxc5
30.Bxc5 Rxc5 31.Rb8+ Nf8 32.Rb7 a5 33.f4 g5 34.g3 gxf4 35.gxf4 Ng6 36.f5 Nf4
37.fxe6 fxe6 38.a4 Rxe5 39.Rb5 Re3 40.Bd1 Rh3 41.Rxa5 Rxh2 42.Bb3 Kg7 43.Rb5 Kf6
44.a5 Rh1+ 45.Kf2 Ra1 46.Ke3 e5 47.Rb6+ Kg5 48.Rb5 Kf6 49.Rb6+ Kg5 50.Rb5  1/2-1/2

[Event "Harmonie Open A"]
[Site "Groningen NED"]
[Date "2007.12.30"]
[Round "9"]
[White "Jellema,Y"]
[Black "Balje,J"]
[Result "1/2-1/2"]
[WhiteElo "2119"]
[BlackElo "2222"]

1.e4 c5 2.c3 Nf6 3.e5 Nd5 4.d4 cxd4 5.cxd4 d6 6.Bc4 Nb6 7.Bb5+ Nc6 8.Nf3 dxe5
9.Nxe5 Bd7 10.Nxd7 Qxd7 11.Nc3 e6 12.O-O Be7 13.Qg4 O-O  1/2-1/2

[Event "Premier"]
[Site "Hastings ENG"]
[Date "2007.12.30"]
[Round "3"]
[White "Poobalasingam,P"]
[Black "Abu Sufian,S"]
[Result "0-1"]
[WhiteElo "2158"]
[BlackElo "2361"]

1.e4 c5 2.c3 Nf6 3.e5 Nd5 4.g3 d6 5.exd6 Qxd6 6.Bg2 Nc6 7.Ne2 Bg4 8.O-O e5
9.h3 Be6 10.d4 exd4 11.cxd4 Rd8 12.Nbc3 cxd4 13.Nxd4 Nxc3 14.bxc3 Nxd4 15.cxd4 Qd7
16.d5 Be7 17.Re1 Kf8 18.Qe2 Bf5 19.g4 Bg6 20.f4 f6 21.Be3 b6 22.a4 h5 23.Qb5 hxg4
24.Qxd7 Rxd7 25.hxg4 Bd3 26.Rec1 Kf7 27.Kf2 Re8 28.Rc3 Ba6 29.d6 Bxd6 30.a5 Bb7
31.axb6 Bxg2 32.Kxg2 axb6 33.Rd1 Rc7 34.Rxc7+ Bxc7 35.Kf3 Re6 36.Rc1 Bd8
37.Rc8 Rd6 38.f5 Ke7 39.Bf4 Rd1 40.Ra8 b5 41.Rb8 Rb1 42.Rb7+ Ke8 43.Bd6 Ba5
44.Rxg7 Bc3 45.g5 fxg5 46.Rxg5 b4 47.Bxb4 Rxb4 48.Rg6 Kf7 49.Rc6 Be5 50.Ke3 Rf4
51.Ra6 Rxf5 52.Ke4 Rh5 53.Kf3 Rh4 54.Rc6 Bf6 55.Kg3 Rb4 56.Kf3 Kg6 57.Ke3 Kf5
58.Kd3 Ke5 59.Rc8 Kd6 60.Rc4 Rb1 61.Ke4 Re1+ 62.Kf5 Be5 63.Rc8 Kd5 64.Ra8 Rf1+
65.Kg4 Ke4 66.Ra4+ Bd4 67.Ra3 Rf4+ 68.Kg3 Rf7 69.Kg2 Rf2+ 70.Kg3 Rf7 71.Kg2 Rb7
72.Kh3 Rg7 73.Rg3 Rh7+ 74.Kg2 Be5 75.Rh3 Rg7+ 76.Kf1 Bd4 77.Ke2 Rg2+ 78.Kf1 Rc2
79.Rh4+ Kd3 80.Rh3+ Be3 81.Rh8 Rf2+ 82.Ke1 Rg2 83.Rd8+ Bd4 84.Rf8 Ra2 85.Kf1 Be3
86.Re8 Rf2+ 87.Ke1 Rf7 88.Rd8+ Bd4 89.Rd6 Rg7  0-1

[Event "37th Rilton Cup"]
[Site "Stockholm SWE"]
[Date "2007.12.31"]
[Round "5"]
[White "Sisatto,O"]
[Black "Bellon Lopez,JuM"]
[Result "0-1"]
[WhiteElo "2264"]
[BlackElo "2434"]

1.e4 c5 2.c3 Nf6 3.e5 Nd5 4.Bc4 e6 5.d4 d6 6.exd6 Bxd6 7.dxc5 Bxc5 8.Bxd5 exd5
9.Nf3 O-O 10.O-O Bg4 11.Nbd2 Re8 12.Nb3 Bb6 13.Qd3 Nc6 14.Bg5 Qd6 15.Bh4 Ne5
16.Nxe5 Qxe5 17.Nd4 Bxd4 18.Qxd4 Qxd4 19.cxd4 Re4 20.f3 Bxf3 21.Rxf3 Rxh4
22.Rc1 Rxd4 23.Rc7 Rd1+ 24.Kf2 Rd2+ 25.Kg3 f6 26.Re3 Rxb2 27.Ree7 Kh8 28.Kf3 Rg8
29.Red7 Rxa2 30.Rxb7 Ra5 31.g4 h5 32.gxh5 Kh7 33.Rxa7 Rxa7 34.Rxa7 Re8 35.Rd7 Re5
36.Kg4 Rg5+ 37.Kh4 Kh6 38.h3 Rxh5+ 39.Kg4 Re5 40.h4 Re4+ 41.Kg3 Rd4 42.Rd8 Rd1
43.Kg4 Kh7 44.Kh5 d4 45.Rxd4 g6+  0-1

[Event "Premier"]
[Site "Hastings ENG"]
[Date "2008.01.01"]
[Round "5"]
[White "Goodger,M"]
[Black "Dinger,F"]
[Result "1/2-1/2"]
[WhiteElo "2067"]
[BlackElo "2378"]

1.e4 c5 2.c3 Nf6 3.e5 Nd5 4.Nf3 e6 5.d4 cxd4 6.cxd4 d6 7.Bc4 Nb6 8.Bb3 dxe5
9.Nxe5 Nc6 10.Nf3 Nb4 11.Nc3 Bd7 12.O-O Be7 13.Re1 O-O 14.Ne5 N4d5 15.Qd3 Bc6
16.Bc2 g6 17.Bb3 Nd7 18.Bh6 Nxe5 19.Rxe5 Nb4 20.Qe3 Re8 21.a3 Na6 22.d5 exd5
23.Nxd5 Bf8 24.Rxe8 Bxe8 25.Bxf8 Kxf8 26.Qe5 f6 27.Nxf6 Qe7 28.Qxe7+ Kxe7
29.Nxh7 Nc5 30.Re1+ Kd6 31.Nf6 Nxb3 32.Rxe8 Rxe8 33.Nxe8+ Ke5 34.h4 a5 35.Nc7 Nd2
36.f3 a4 37.Kf2 Nc4 38.g4 Nxb2 39.h5 gxh5 40.gxh5 Kf5 41.Nb5 Kg5 42.Ke3 Kxh5
43.Nd6 Kg5 44.Kd2 Kf6 45.Kc2 Ke6 46.Kxb2 Kxd6 47.Kc3 Ke5 48.Kb4 Kf4 49.Kxa4 Kxf3
50.Kb5 Ke4 51.a4 Kd4 52.a5 Kc3 53.Kb6 Kb4 54.Kxb7 Kxa5  1/2-1/2

[Event "Premier"]
[Site "Hastings ENG"]
[Date "2008.01.01"]
[Round "5"]
[White "Pickersgill,A"]
[Black "Auckland,E"]
[Result "1-0"]
[WhiteElo "2088"]
[BlackElo "1910"]

1.e4 c5 2.c3 Nf6 3.e5 Nd5 4.d4 cxd4 5.Qxd4 e6 6.Nf3 Nc6 7.Qe4 f5 8.Qe2 Qc7
9.g3 d6 10.exd6 Bxd6 11.Bg2 O-O 12.O-O Nf6 13.Nbd2 e5 14.Nb3 e4 15.Nfd4 Ne5
16.Nb5 Qc4 17.Qxc4+ Nxc4 18.Nxd6 Nxd6 19.Rd1 Nc4 20.Bf1 Ne5 21.Bf4 Nfg4 22.h3 g5
23.Bxg5 Nf3+ 24.Kg2 Nxf2 25.Bc4+ Kg7 26.Kxf2 Nxg5 27.h4 Nh3+ 28.Ke3 f4+ 29.gxf4 Rxf4
30.Rf1 Rxh4 31.Rf7+ Kg6 32.Raf1 Ng5 33.R1f6+ Kh5 34.Rf8 Rh3+ 35.Kd4 b6 36.Be2+ Kh4
37.Nd2 Rh2 38.Rh6+ Kg3 39.Nf1+ Kg2 40.Rxh2+ Kg1 41.Rg8  1-0

[Event "Premier"]
[Site "Hastings ENG"]
[Date "2008.01.01"]
[Round "5"]
[White "Collins,S IRL"]
[Black "Snape,I"]
[Result "1-0"]
[WhiteElo "2401"]
[BlackElo "2229"]

1.e4 c5 2.c3 Nf6 3.e5 Nd5 4.d4 cxd4 5.Nf3 Nc6 6.cxd4 d6 7.Bc4 e6 8.O-O Be7
9.Re1 O-O 10.exd6 Qxd6 11.Nc3 Bd7 12.a3 Nxc3 13.bxc3 Na5 14.Bd3 Rac8 15.Ne5 Nc6
16.Bf4 Nxe5 17.Bxe5 Qc6 18.Bxh7+ Kxh7 19.Qh5+ Kg8 20.Bxg7 Kxg7 21.Re3 e5
22.Rg3+ Qg6 23.Qxe5+ Bf6 24.Rxg6+ fxg6 25.Qa5 a6 26.Qb4 Bc6 27.Rd1 Bd5 28.Qd6 Bb3
29.Rd3 Rfe8 30.h3 Red8 31.Qb6 Bd5 32.Rg3 Rd7 33.f4 Be4 34.Qe6 Bc6 35.d5 Bb5
36.a4 Rxc3 37.Rxc3 Bxc3 38.axb5 Rf7 39.bxa6 bxa6 40.d6 Rxf4 41.d7 Bf6 42.Qxf6+ Rxf6
43.d8=Q g5 44.Kh2 Kg6 45.Qd3+ Kh6 46.Kg3 a5 47.Qb5  1-0

[Event "Premier"]
[Site "Hastings ENG"]
[Date "2008.01.03"]
[Round "7"]
[White "Cumming,R"]
[Black "Donovan,N"]
[Result "1/2-1/2"]
[WhiteElo "1845"]
[BlackElo "2121"]

1.e4 c5 2.c3 Nf6 3.e5 Nd5 4.d4 cxd4 5.Nf3 e6 6.cxd4 b6 7.Bc4 Bb7 8.O-O Qc7
9.Qe2 a6 10.a3 b5 11.Bd3 f5 12.Bd2 Bc6 13.Nc3 Qb7 14.Ne1 Be7 15.f3 O-O 16.Nc2 Nxc3
17.Bxc3 Bd5 18.Rac1 Bb3 19.Ne3 b4 20.axb4 Bxb4 21.Bxb4 Qxb4 22.Bc4 Nc6 23.Bxb3 Qxb3
24.Rfd1 Rfb8 25.Nc4 Ne7 26.Rc3 Qb5 27.Qc2 Nd5 28.Nd6 Nxc3 29.Nxb5 Nxd1 30.Nc7 Rc8
31.Qxd1 Rxc7 32.Qb3 Rac8 33.d5 f4 34.h4 Kf7 35.dxe6+ dxe6 36.Qd3 Rb8 37.Qd4 Rcb7
38.Qxf4+ Ke7 39.Qg5+ Kf7 40.Qf4+  1/2-1/2

[Event "Premier"]
[Site "Hastings ENG"]
[Date "2008.01.03"]
[Round "7"]
[White "Goodger,M"]
[Black "Snape,I"]
[Result "1-0"]
[WhiteElo "2067"]
[BlackElo "2229"]

1.e4 c5 2.c3 Nf6 3.e5 Nd5 4.Nf3 Nc6 5.Bc4 e6 6.d4 cxd4 7.cxd4 d6 8.O-O Be7
9.a3 O-O 10.Re1 a6 11.Bd3 dxe5 12.dxe5 Bd7 13.Qe2 Na5 14.Ra2 Rc8 15.b4 Nc6
16.Bd2 Qb6 17.Qe4 f5 18.exf6 Nxf6 19.Qe2 Nd4 20.Nxd4 Qxd4 21.Be3 Qh4 22.g3 Qh3
23.Nd2 Ng4 24.f3 Ne5 25.Be4 Bc6 26.Bxc6 Rxc6 27.Bd4 Nf7 28.f4 Nh6 29.Nf3 Nf5
30.Bf2 Rfc8 31.Nd4 Nxd4 32.Bxd4 Rc1 33.Rd2 h5 34.Bb2 Rxe1+ 35.Qxe1 Bf6 36.Bxf6 gxf6
37.Qb1 Kf8 38.Qd1 Qg4 39.Rd8+ Rxd8 40.Qxd8+ Kf7 41.Qd7+ Kf8 42.Qc8+ Kg7 43.Qxb7+ Kh6
44.Qxa6 Qd1+ 45.Kf2 Qd4+ 46.Ke2 Qb2+ 47.Kf3 Qc3+ 48.Kg2 Qc2+ 49.Kg1 Qd1+
50.Qf1 Qd4+ 51.Qf2 Qa1+ 52.Kg2 Qxa3 53.Qd4 Qa8+ 54.Kh3 Kg6 55.Qd3+ Kh6 56.b5 Qa5
57.Qd4 Kg6 58.Qe4+ Kg7 59.Qd3 Kh6 60.Qc4 Kg6 61.Kh4 Qd2 62.h3 Qd6 63.f5+ Kg7
64.Qxe6 Qb4+ 65.Kxh5 Qxb5 66.Qe7+ Kg8 67.Kg6  1-0

[Event "Premier"]
[Site "Hastings ENG"]
[Date "2008.01.05"]
[Round "9"]
[White "Quinn,Jos"]
[Black "Snape,I"]
[Result "0-1"]
[WhiteElo "1758"]
[BlackElo "2229"]

1.e4 c5 2.c3 Nf6 3.e5 Nd5 4.d4 cxd4 5.Nf3 g6 6.cxd4 Bg7 7.Bc4 Nb6 8.Bb3 Nc6
9.Nc3 O-O 10.Bf4 d6 11.h3 dxe5 12.dxe5 Na5 13.O-O Nxb3 14.Qxb3 Be6 15.Qd1 Rc8
16.Rc1 Nd5 17.Nxd5 Qxd5 18.b3 Rxc1 19.Qxc1 Rc8 20.Qb2 Bxh3 21.Qa3 Bg4 22.Nh2 Be2
23.Re1 Bxe5 24.Bxe5 Qxe5 25.Nf3 Qe4 26.Qxa7 Qb4 27.Rxe2 Rc1+ 28.Kh2 Qf4+
29.g3 Qxf3 30.Qb8+ Kg7 31.Qe5+ Kh6 32.Qe3+ Qxe3 33.Rxe3 e6 34.Re2 Kg5 35.Re5+ Kf6
36.Re2 e5 37.Kh3 h5 38.Rd2 Ke6 39.Kh4 f6 40.Kh3 e4 41.Rd4 f5 42.Rb4 Rc2 43.Rb6+ Ke5
44.Rxg6 Rxa2 45.Rg7 Rxf2 46.Rxb7 e3 47.Re7+ Kd4 48.Kh4 f4 49.gxf4 Rxf4+ 50.Kxh5 Re4  0-1

[Event "Premier"]
[Site "Hastings ENG"]
[Date "2008.01.05"]
[Round "9"]
[White "Rety,J"]
[Black "O'Neill,T"]
[Result "1-0"]
[WhiteElo "1970"]
[BlackElo "1551"]

1.e4 c5 2.c3 Nf6 3.e5 Nd5 4.Nf3 e6 5.d4 Nc6 6.Bc4 Nb6 7.Be2 h6 8.O-O Be7
9.Nbd2 cxd4 10.cxd4 Nd5 11.Bc4 Qb6 12.Bxd5 exd5 13.Nb3 Qd8 14.Qc2 Bg5 15.Be3 d6
16.Qd2 Bg4 17.Nxg5 hxg5 18.Bxg5 Qd7 19.exd6 Qxd6 20.Bf4 Qg6 21.Rfe1+ Be6
22.Nc5 Ne7 23.Nxe6 fxe6 24.Qe3 Kd7 25.Qe5 Nf5 26.Qc7+ Ke8 27.Qxb7 Nh4 28.Qxa8+ Kf7
29.Qb7+ Kf6 30.Bg3 Qd3 31.Be5+ Kg6 32.Qxg7+ Kf5 33.g4+  1-0

[Event "ITT"]
[Site "Villa Martelli Verano ARG"]
[Date "2008.01.05"]
[Round "1"]
[White "De Dovitiis,A"]
[Black "Della Morte,P"]
[Result "1-0"]
[WhiteElo "2326"]
[BlackElo "2288"]

1.e4 c5 2.c3 Nf6 3.e5 Nd5 4.Nf3 Nc6 5.Na3 g6 6.g3 Bg7 7.Bg2 O-O 8.O-O d6
9.exd6 Qxd6 10.d4 cxd4 11.Nb5 Qd8 12.Nfxd4 e6 13.Re1 Qb6 14.Nxc6 bxc6 15.Na3 Rd8
16.Qa4 Ba6 17.Bg5 f6 18.Bd2 Qxb2 19.Qxa6 Qxd2 20.Qxc6 Kh8 21.Qxe6 Rac8 22.Rad1 Qxa2
23.Nb5 Nxc3 24.Nxc3 Qxe6 25.Rxd8+ Rxd8 26.Rxe6 f5 27.Nb5 Bf8 28.Bf1 Bc5 29.Rc6 Bb6
30.Nd6 Rf8 31.Nc4 Bd4 32.Rd6 Bc3 33.f4 Bb4 34.Rd7 Rc8 35.Kg2 a5 36.Ra7 Rc5
37.h4 Rd5 38.Be2 Bc3 39.Rb7 Rc5 40.Nd6 a4 41.Bc4 a3  1-0

[Event "TCh-BEL 2007-8"]
[Site "Belgium BEL"]
[Date "2008.01.06"]
[Round "6"]
[White "Zaitsev,Mikhail1"]
[Black "Leenhouts,K"]
[Result "1/2-1/2"]
[WhiteElo "2476"]
[BlackElo "2394"]

1.e4 c5 2.c3 Nf6 3.e5 Nd5 4.d4 cxd4 5.Qxd4 e6 6.Nf3 Nc6 7.Qe4 d6 8.Nbd2 dxe5
9.Nxe5 f5 10.Nxc6 bxc6 11.Qe5 Kf7 12.Nc4 Ba6 13.Bd2 Rb8 14.O-O-O Bxc4 15.Bxc4 Bd6
16.Qd4 Qb6 17.Qxb6 axb6 18.a4 Ra8 19.Bb3 Rad8 20.Kc2 Kf6 21.Bc4 e5 22.b4 Bc7
23.f3 Rhe8 24.Rhf1 g5 25.Bd3 Nf4 26.Bxf4 gxf4 27.Rfe1 Re7  1/2-1/2

[Event "Premier"]
[Site "Hastings ENG"]
[Date "2008.01.06"]
[Round "10"]
[White "Dickson,G"]
[Black "Jain,A2"]
[Result "1/2-1/2"]
[WhiteElo "2160"]
[BlackElo "2000"]

1.e4 c5 2.c3 Nf6 3.e5 Nd5 4.d4 cxd4 5.Nf3 e6 6.cxd4 d6 7.Bc4 Nc6 8.O-O Be7
9.Nc3 Nxc3 10.bxc3 dxe5 11.Nxe5 Nxe5 12.dxe5 Qa5 13.Rb1 O-O 14.Qe2 a6 15.Qe4 Qa4
16.Bd3 Qxe4 17.Bxe4 Rb8 18.Be3 b5 19.Rb3 Bb7 20.Bxb7 Rxb7 21.a4 b4 22.cxb4 Rxb4
23.Rxb4 Bxb4 24.Rc1 a5 25.Rc7 Rd8 26.Kf1 h6 27.Ke2 Rd5 28.f4 Kf8 29.g4 g6
30.h3 h5 31.Ra7 hxg4 32.hxg4 g5 33.Ra8+ Ke7 34.Ra7+ Ke8 35.Ra8+ Ke7 36.Ra7+ Kf8
37.Ra8+  1/2-1/2

[Event "ch-Reykjavik"]
[Site "Reykjavik ISL"]
[Date "2008.01.06"]
[Round "1"]
[White "Johannsdottir,J"]
[Black "Vigfusson,V"]
[Result "0-1"]
[WhiteElo "1905"]
[BlackElo "2052"]

1.e4 c5 2.c3 Nf6 3.e5 Nd5 4.d4 cxd4 5.Nf3 Nc6 6.cxd4 e6 7.Nc3 d6 8.Bc4 Nxc3
9.bxc3 dxe5 10.Nxe5 Nxe5 11.dxe5 Qxd1+ 12.Kxd1 Bc5 13.Ke2 Bd7 14.Rd1 Bc6
15.Kf1 Ke7 16.Bg5+ f6 17.Bh4 Rad8 18.Re1 Bd5 19.exf6+ gxf6 20.Bxd5 Rxd5 21.Rad1 Rhd8
22.Rxd5 Rxd5 23.Ke2 Bb6 24.Rd1 Ra5 25.Rd2 Ra3 26.Rc2 e5 27.Bg3 Ke6 28.f3 Kd5
29.Kd3 Ba5 30.Be1 f5 31.Re2 b5 32.Rb2 b4 33.Rb3 e4+ 34.fxe4+ fxe4+ 35.Ke3 Rxb3
36.axb3 bxc3 37.g4 c2 38.Bd2 Bb6+ 39.Ke2 e3 40.Bc1 Ke4  0-1

[Event "Paul Keres Mem GMA"]
[Site "Tallinn EST"]
[Date "2008.01.09"]
[Round "6"]
[White "Gavrilov,Al1"]
[Black "Kanep,M"]
[Result "0-1"]
[WhiteElo "2491"]
[BlackElo "2523"]

1.e4 c5 2.c3 Nf6 3.e5 Nd5 4.Nf3 Nc6 5.Bc4 Nb6 6.Bb3 c4 7.Bc2 Qc7 8.Qe2 g5
9.h3 Bg7 10.O-O Nxe5 11.Nxg5 d5 12.Re1 h6 13.Nf3 Nxf3+ 14.Qxf3 e5 15.Qg3 Bf6
16.Na3 Be6 17.b3 O-O-O 18.bxc4 Rhg8 19.Nb5 Qd7 20.Qf3 Be7 21.Nxa7+ Kb8 22.Nb5 Nxc4
23.d3 Bxh3 24.g3 Bg4 25.Qg2 Qxb5 26.Rb1 Qa5 27.dxc4 Qxc3 28.Bb2 Qxc2 29.Bxe5+ Ka8
30.Rb5 Qd2 31.Reb1 Bf5 32.R1b3 Qe1+ 33.Qf1 Qxe5 34.Rxb7 Bc5 35.Qg2 Be4 36.Qh3 Qa1+
37.Qf1 Qxf1+ 38.Kxf1 dxc4  0-1

[Event "XXXIII Open"]
[Site "Sevilla ESP"]
[Date "2008.01.11"]
[Round "8"]
[White "Belezky,A"]
[Black "Lopez Martinez,Josep"]
[Result "1/2-1/2"]
[WhiteElo "2449"]
[BlackElo "2550"]

1.e4 c5 2.c3 Nf6 3.e5 Nd5 4.d4 cxd4 5.Nf3 Nc6 6.cxd4 g6 7.Bc4 Nb6 8.Bb3 Bg7
9.O-O d6 10.Qe2 O-O 11.h3 Bf5 12.Rd1 Na5 13.e6 Nxb3 14.exf7+ Rxf7 15.axb3 Qd7
16.Nc3 Qe6 17.Qxe6 Bxe6 18.d5 Bf5 19.Be3 Nd7 20.Ng5 Rff8 21.Ne6 Bxe6 22.dxe6 Ne5
23.Bxa7 Nc6 24.Be3 Rac8 25.Nd5 Bxb2 26.Ra2 Bf6 27.Bh6 Bg7 28.Bg5 Rce8 29.Nc7 Rc8
30.Nd5 Rfe8 31.Rc2 Bf8 32.b4 Kg7 33.b5 Na7 34.Nc7 Nxb5 35.Nxe8+ Rxe8 36.Be3 Kf6
37.Ra1 d5 38.Rc5 Nd6 39.Rxd5 Kxe6 40.Rd3 b5 41.Bf4 Rb8 42.Rb1 Kd7 43.Rdb3 Kc6
44.Rc3+ Kd7 45.Rc5 b4 46.Ra5 Rb7 47.Ra4 b3 48.Be5 Ke6 49.Ba1 Kd5 50.Kf1 Nc4
51.Rd1+ Kc5 52.Rd8 b2 53.Rxc4+ Kxc4 54.Bxb2 Bh6 55.Be5 Rb5 56.Rd4+ Kb3 57.Re4 Bd2
58.Ke2 Bb4 59.g4 Rd5 60.Bf4 Rd7 61.Be3 Bc3 62.f4 Kc2 63.g5 Rc7 64.Bb6 Rc6
65.Be3 e6 66.Ra4 e5 67.fxe5 Bxe5 68.Ra7 Bc7 69.Ra8 Re6 70.Rc8 Re7 71.Kf3 Kd3
72.Bf4 Bb6 73.Rc6 Bd4 74.Rc7 Re1 75.Rxh7 Rf1+ 76.Kg4 Bc5 77.Rc7 Rxf4+ 78.Kxf4 Bd6+
79.Kg4 Bxc7 80.h4 Bd8 81.h5 gxh5+ 82.Kxh5 Bxg5  1/2-1/2

[Event "TCh-AUT 1st Bundesliga 2007-8"]
[Site "Jenbach AUT"]
[Date "2008.01.12"]
[Round "6"]
[White "Hatzl,S"]
[Black "Freitag,M"]
[Result "1/2-1/2"]
[WhiteElo "2149"]
[BlackElo "1729"]

1.e4 c5 2.c3 Nf6 3.e5 Nd5 4.d4 cxd4 5.cxd4 Nc6 6.Nf3 d6 7.Bc4 Nb6 8.Bb5 dxe5
9.Nxe5 Bd7 10.Nxd7 Qxd7 11.Nc3 e6 12.Qg4 h5 13.Qf3 a6 14.Bxc6 Qxc6 15.Qxc6+ bxc6
16.Be3 Rb8 17.O-O Be7 18.Rac1 Kd7 19.Ne4 Nd5 20.b3 Rb4 21.Nc5+ Bxc5 22.Rxc5 Rhb8
23.Rfc1 R8b6 24.h4 R4b5 25.Kf1 Rxc5 26.Rxc5 Rb5 27.Rc4 Kc7 28.Ke2 Kd6 29.Bd2 Rb7
30.Ra4 Ra7 31.Ra5 Kc7 32.Rc5 Ra8 33.g3 Kb6 34.Ba5+ Kb7 35.Kd3 Rh8 36.Ke4 f6
37.Bd2 Rd8 38.f4 g6 39.Ba5 Rd7 40.Rc2 Ne7 41.Bc3 Nf5 42.Rg2 Nd6+ 43.Ke3 f5
44.Rc2 Ne4 45.Be1 Rd5 46.Rc4 Rb5 47.Kd3 a5 48.Ke3 Rd5 49.Rc2 Kb6 50.Rc4 Rb5
51.Kd3 Rd5 52.Ke3 Rd7 53.Ra4 Ra7 54.Rc4 Ra8 55.Kd3 Rd8 56.Ke3 Rd5 57.Rc2 Kb5
58.Rc4 Rd7 59.a4+ Kb6 60.b4 axb4 61.Rxb4+ Ka6 62.Rb8 Nf6 63.a5 Ka7 64.Rb3 Ng4+
65.Kd3 e5 66.Kc4 Rxd4+ 67.Kc5 Rd1 68.Bc3 exf4 69.Kxc6 f3 70.Kc7 f2  1/2-1/2

[Event "ITT"]
[Site "Villa Martelli Verano ARG"]
[Date "2008.01.12"]
[Round "9"]
[White "De Dovitiis,A"]
[Black "Fusco,L"]
[Result "1/2-1/2"]
[WhiteElo "2326"]
[BlackElo "2341"]

1.e4 c5 2.c3 Nf6 3.e5 Nd5 4.Nf3 Nc6 5.d4 cxd4 6.Bc4 Nb6 7.Bb3 d6 8.exd6 Qxd6
9.cxd4 Be6 10.Nc3 Bxb3 11.Qxb3 e6 12.O-O Be7 13.Nb5 Qd8 14.Bf4 Nd5 15.Nc7+ Nxc7
16.Qxb7 O-O 17.Bxc7 Qd7 18.Rac1 Nxd4 19.Nxd4 Qxd4 20.Rfd1 Qa4 21.Be5 Bg5
22.Qc6 Qxa2 23.f4 Bf6 24.Bxf6 gxf6 25.Qc3 Rac8 26.Qxf6 Qb3 27.Ra1 Rb8 28.Qg5+ Kh8
29.Qf6+ Kg8 30.Qg5+  1/2-1/2

[Event "6th Parsvnath Open"]
[Site "New Delhi IND"]
[Date "2008.01.13"]
[Round "1"]
[White "Jaydeep,S"]
[Black "Ashwin,J"]
[Result "0-1"]
[WhiteElo "1903"]
[BlackElo "2478"]

1.e4 c5 2.c3 Nf6 3.e5 Nd5 4.d4 cxd4 5.Nf3 e6 6.cxd4 b6 7.Nc3 Nxc3 8.bxc3 Qc7
9.Qd3 Ba6 10.c4 Nc6 11.Bd2 d5 12.Qb3 dxc4 13.Bxc4 Nxd4 14.Qa4+ b5 15.Qxa6 Nxf3+
16.gxf3 bxc4 17.Qb5+ Qd7 18.Qxc4 Rc8 19.Qb3 Bc5 20.Rd1 O-O 21.Bh6 Qe7 22.Be3 Bxe3
23.Qxe3 Rc2 24.Rd2 Rc1+ 25.Rd1 Qb4+ 26.Qd2 Rxd1+ 27.Kxd1 Qb1+ 28.Qc1 Rd8+
29.Ke2 Qd3+ 30.Ke1 Rb8  0-1

[Event "6th Parsvnath Open"]
[Site "New Delhi IND"]
[Date "2008.01.13"]
[Round "1"]
[White "Vaibhav,K"]
[Black "Sriram,J"]
[Result "0-1"]
[WhiteElo "1899"]
[BlackElo "2457"]

1.e4 c5 2.c3 Nf6 3.e5 Nd5 4.d4 cxd4 5.cxd4 e6 6.Nf3 b6 7.Bc4 Bb7 8.Bxd5 Bxd5
9.Nc3 Bb7 10.O-O d5 11.Bg5 Qd7 12.Rc1 h6 13.Bh4 Nc6 14.Re1 Ne7 15.Qe2 Nf5
16.Nb5 Bc6 17.Nc3 Nxh4 18.Nxh4 Be7 19.Qg4 g5 20.Nf3 h5 21.Qg3 g4 22.Nd2 O-O-O
23.a4 Kb7 24.a5 Bb5 25.axb6 axb6 26.Nxb5 Qxb5 27.Qf4 Rd7 28.Rc3 Bb4 29.Rc2 Ra8
30.Rec1 Qd3 31.Qe3 Qb5 32.g3 Bf8 33.Kg2 Qb4 34.Qc3 Qxc3 35.Rxc3 Ra4 36.Nb3 Bb4
37.Rc8 Ra2 38.R8c2 Be7 39.h3 Ra4 40.hxg4 hxg4 41.Rh1 Rb4 42.Rc3 Rc7 43.Rh7 Bd8
44.Rd3 f5 45.exf6 Rxh7  0-1